00809nam a22002057a 450000500170000001000150001702000260003203500140005803700090007208200100008110000270009124500700011825000060018826000360019427001520023030000200038294200240040299900190042695201580044520260409112853.0 aENG-148194 c150.00a9789348685773 aEN-131726 bDBAD a248.4 aKizhakkeyil, Sebastian aA handbook for a Committed Christian Life/cSebastian Kizhakkeyil a1 bATC PublishersaBengaluruc2025 aSt's Mary Block, Archdiocesan,Pastoral Center,#5, Nandidurga Road,Benson TownbBengalurue560046k+918025491999k7090100444minfo@atcpublishers.com a128p.c21cm(pb) 2ddccENh248.4mKIZ c215834d215834 001040718NFICaDBADbDBADd2026-04-09eDelivery of Books Act Divisiong150.00l0o248.4 KIZpEN-131726r2026-04-09 11:29:20t1v150.00w2026-04-09yEN